000 00441nam a2200193Ia 4500
005 20240823012806.0
008 240823s9999||||xx |||||||||||||| ||und||
020 _a0-471-61120-4
041 _aENGLISH
082 _A006.4 M8
100 _a"James,Mike"
245 0 _aPattern Recognition
250 _a1st
260 _b#VALUE!
500 _aTRANSFERED
650 _aPattern
_bInformation Technology
942 _cBK
999 _c165412
_d165412